01430naa a2200241 i 4500001000400000003000400004005001700008008003900025040000800064041000800072044000800080080001200088100014100100245009900241260001000340500010700350520033300457650002000790655003000810700012000840711013900960773008901099BPPBPK20180427091927.0151201s2002 pl f |100 0 eng cBPK aeng aPOL a621.314 aWAWRYN, Krzysztof.d1996 - .bPolitechnika Koszalińska - Wydział Elektroniki,cKatedra Systemów Cyfrowego Przetwarzania Sygnałów aTransformation of SI circuits into their ST counterparts /cKrzysztof Wawryn, Andrzej Mazurek. c2002. aDane z Informatora o publikowanych wynikach prac naukowo-badawczych w 2002 roku Wydziału Elektroniki. aIn the paper, there has been presented a transformation of SI circuits into their ST counterparts. For comparison purposes a simple transconductance amplifier was designed, to configure ST integrator structures. Simulation examinations of SI integrators and their ST counterparts were carried out, to compare their pertormances. 0aTransformatory. 0aMateriały konferencyjne. aMAZUREK, Andrzej.d1996 - .bPolitechnika Koszalińska - Wydział Elektroniki,cKatedra Systemów Elektronicznych aInternational Conference on Signals and Electronic Systems ICSES 2002d(2002 ;cWrocław / Świeradów Zdrój, Polska).pICSES'2002 iW :tInternational Conference on Signals and Electronic Systems. -g2002, s. 293-298